The 5 Most Polluted U.S. States - Statistics

General Stats
  • This quiz has been taken 21 times
  • The average score is 3 of 5
Answer Stats
Answer % Correct
California
94%
Texas
78%
Oregon
50%
Pennsylvania
50%
Washington
50%
No matching quizzes found
Score Distribution
Percent of People with Each Score
Percentile by Number Answered
Your Score History
You have not taken this quiz